Biblioteca

Los grupos de koinonia y la vida y misión de la iglesia (Registro nro. 51396)

Detalles MARC
000 -LÍDER
Campo fijo de descripción fija 00910aab a2200217 i 4500
001 - NÚMERO DE CONTROL
Campo de control 768714001
003 - IDENTIFICADOR DEL NÚMERO DE CONTROL
Campo de control CO-MdFUSB
005 - FECHA Y HORA DE LA ULTIMA TRANSACCIÓN
control field 20240618062715.0
008 - ELEMENTOS DE LONGITUD FIJA -- INFORMACIÓN GENERAL
Campo fijo de descripción fija -- Información general 240416t1983 ag ||||| |||| 00| 0 spa d
040 ## - FUENTE DE CATALOGACIÓN
Idioma de catalogación spa
Agencia que realiza la transcripción CO-MdFUSB
041 ## - CÓDIGO DE IDIOMA
Código de idioma para texto/pista de sonido o título separado spa
100 1# - ASIENTO PRINCIPAL--NOMBRE PERSONAL
Nombre personal Padilla, C. René
Término relacionador autor
245 #4 - TÍTULO
Título Los grupos de koinonia y la vida y misión de la iglesia
Mención de responsabilidad / C. René Padilla
300 ## - DESCRIPCIÓN FÍSICA
Extensión Volumen 2, número 3, (septiembre, 1983), páginas: 4 - 5
Dimensiones ; 27 cm
520 ## - NOTA DE RESUMEN, ETC.
Nota de sumario, etc. En muchos lugares alrededor del mundo los cristianos están redescubriendo el valor de los grupos de koinonia (comunión) en relación a la vida y misión de la iglesia. Abundan los ejemplos.
650 #7 - ASIENTO SECUNDARIO DE MATERIA - TERMINO TEMÁTICO
Término temático o nombre geográfico como elemento de entrada Religión y cultura
9 (RLIN) 388
650 #0 - ASIENTO SECUNDARIO DE MATERIA - TERMINO TEMÁTICO
Término temático o nombre geográfico como elemento de entrada Misiones
9 (RLIN) 154
653 ## - TÉRMINO DE INDIZACIÓN - NO CONTROLADO
Término no controlado Teología protestante
773 0# - ASIENTO DE ITEM FUENTE
Título Iglesia y Misión
Biblionumber 49402
Itemnumber 59626
Parte(s) relacionada(s) / Volumen., número. (mes año), páginas Volumen 2, número 3, (septiembre, 1983), páginas: 4 - 5
Enumeración y primera página página: 4
942 ## - TIPO DE MATERIAL (KOHA)
Tipo de Item KOHA Artículos de Revista
Existencias
Expurgo - (Retirado) Estado de Perdido Estado de Dañado No prestable Colección Ubicación habitual Ubicación actual Fecha de Adquisición Signatura Topográfica Tipo de Material
        Colección de Hemeroteca Biblioteca FUSBC Biblioteca FUSBC 26/01/2016 Artículos de Revista

Biblioteca FUSBC | Teléfono: (57+4) 349 88 10 Ext. 141| WhatsApp (+57) 3005338115 
E-mail: biblioteca@unisbc.edu.co | Calle 76 87-14 Robledo Palenque, Medellín, Colombia

Con tecnología Koha